Presidenciáveis de cada eleição - EXTREMO - Statistics

Estatísticas Gerais
  • Esse quiz foi jogado 567 vezes
    407 desde o último reset
  • A pontuação média é 63 de 206
Estatísticas das Respostas
Resposta % Correto
Luiz Inácio Lula da Silva
100%
Jair Bolsonaro
97%
Dilma Rousseff
94%
Fernando Collor
90%
Geraldo Alckmin
90%
Ciro Gomes
89%
Fernando Henrique Cardoso
89%
Marina Silva
89%
PT
89%
PL
87%
Fernando Haddad
86%
PSD
84%
Aécio Neves
83%
Simone Tebet
83%
PSDB
81%
PMDB / MDB
80%
José Serra
78%
Michel Temer
77%
PSOL
76%
Enéas Carneiro
73%
PDT
73%
PSB
73%
Hamilton Mourão
72%
Padre Kelmon
72%
PCdoB
70%
PSL
70%
PV
70%
José Maria Eymael / Constituinte Eymael
68%
Guilherme Boulos
66%
Leonel Brizola
66%
Manuela d'Ávila
65%
Itamar Franco
64%
NOVO
64%
PCB
63%
PSTU
60%
Vera Lúcia
60%
PSDC / DC
59%
Cabo Daciolo
58%
PP
58%
PTB
58%
Soraya Thronicke
58%
Felipe d'Ávila
56%
UNIÃO
56%
João Amoêdo
55%
Henrique Meirelles
54%
Paulo Maluf
53%
PRONA
53%
REDE
53%
Anthony Garotinho
52%
PRTB
52%
UP
52%
Braga Netto
51%
Mário Covas
51%
PCO
49%
Léo Péricles
48%
Levy Fidélix
48%
DEM
47%
Eduardo Jorge
47%
José Alencar
46%
Heloísa Helena
44%
Luciana Genro
44%
PFL
44%
PRN
44%
PSC
44%
Sofia Manzano
43%
PPS
42%
PODE
41%
Ulysses Guimarães
41%
PDS
40%
PATRI
39%
Plínio de Arruda Sampaio
39%
Álvaro Dias
38%
João Goulart Filho
35%
Rui Costa Pimenta
35%
PRB
34%
Ronaldo Caiado
33%
Guilherme Afif Domingos
32%
Marco Maciel
32%
PMN
32%
Jorge Coelho de Sá
31%
Pastor Everaldo
31%
PMB
31%
Índio da Costa
30%
Mara Gabrilli
30%
Orestes Quércia
30%
Aloizio Mercadante
29%
Cristovam Buarque
28%
José Maria de Almeida
28%
PPL
28%
PTdoB
28%
Kátia Abreu
27%
Roberto Freire
27%
Sônia Guajajara
27%
Fernando Gabeira
26%
Aloysio Nunes
25%
José Paulo Bisol
25%
Luciano Bivar
25%
Paulo Pereira da Silva
25%
Ana Amélia Lemos
24%
José Jorge
24%
PPB
23%
PRP
23%
Esperidião Amin
22%
PDC
22%
PPR
22%
Aureliano Chaves
21%
PTN
21%
Darcy Ribeiro
19%
PN
19%
Beto Albuquerque
18%
Rita Camata
18%
Affonso Camargo Neto
17%
Carlos Antônio Gomes
17%
Edson Dorta Silva
17%
João Ferreira da Silva
17%
William Pereira da Silva
17%
Ana Maria Rangel
16%
Tiago Mitraud
16%
Ana Paula Matos
15%
Eduardo Gomes
15%
Alfredo Sirkis
14%
Almir Gabriel
14%
Armando Corrêa
14%
Mauro Iasi
14%
Germano Rigotto
13%
João de Deus
13%
Marcos Cintra
13%
PSP
13%
Christian Lohbauer
12%
Hertz Dias
12%
Ivan Frota
12%
Ivan Pinheiro
12%
José Marronzinho
12%
PSN
12%
Vasco Azevedo Neto
12%
Américo de Souza
11%
Edmilson Costa
11%
Fernando Lyra
11%
Helvio Costa
11%
Professor Bravo
11%
Aluísio Pimenta
10%
Hernani Fortuna
10%
Lívia Maria Pio
10%
Agostinho Linhares de Souza
9%
Celso Brant
9%
Manoel de Oliveira Horta
9%
PDCdoB
9%
Thereza Ruiz
9%
Alexandre José dos Santos
8%
Dayse Oliveira
8%
Eudes Oliveira Mattar
8%
Guilherme Leal
8%
Irapuan Teixeira
8%
Léo Alves
8%
PCN
8%
PDN
8%
Roberto Gama
8%
Jefferson Péres
7%
José Alves de Oliveira
7%
José Paulo da Silva Neto
7%
Paulo Gontijo
7%
Sérgio Bueno
7%
Antonio Alves
6%
Antônio dos Santos Pedreira
6%
Célia Sacramento
6%
Gardênia Gonçalves
6%
Jorge Paz
6%
José Antonio Figueiredo
6%
José Natan Emídio Neto
6%
Pedro Paulo de Abreu
6%
PLP
6%
Suelene Balduino
6%
Zamir José Teixeira
6%
César Benjamin
5%
Iris de Araújo
5%
Maurício Lobo Abreu
5%
Pastor Gamonal
5%
Paulo Rabello
5%
Ricardo Machado
5%
Samara Martins
5%
Waldir Pires
5%
Bonifácio Andrada
4%
José Galvão de Lima
4%
Raquel Tremembé
4%
Roberto Lopes
4%
Camilo Calazans
3%
Carla Piranda Rabello
3%
Cláudio Lembo
3%
Hamilton Assis
3%
José Fortunato da França
3%
Lenine Madeira
3%
Leonardo Gadelha
3%
Sérgio Arouca
3%
Ardwin Retto Grunewald
2%
Cláudia Durans
2%
Delma Gama e Narcini
2%
Dilton Carlos Salomoni
2%
Jormar Oliveira Alderete
2%
Luís Paulino
2%
Luiz Eduardo Ayres Duarte
2%
Ronald Abrahão Azaro
2%
Vitor Nósseis
2%
Daniel Lazzeroni Jr
1%
Nanci Pilar
1%
Paiva Muniz
1%
Reinau Valim
1%
Nenhum quiz correspondente encontrado
Distribuição das Pontuações
Porcentagem de Pessoas com Cada Pontuação
Percentil de Números Respondidos
Sua Pontuação Histórica
Você não jogou esse quiz desde o último reset